00811nam a2200217 450000500170000001000150001702000260003203500140005803700090007208200100008110000220009124501240011326000340023727000740027130000280034570000240037370000250039794200240042299900190044695201280046520240326171714.0 aENG-139919 a9788194951773c949.00 aEN-123451 bDBAD a005.3 aNazri Kama963958 aSoftware requirement change effort estimation an algorithmic approach /cby Nazri Kama , Sufyan Basri and Yasir Mahmood aKolkatabExceller Booksc2020 aG1 Dream Apartment , Degree College Road, Belgharia,bKolkatae700056 a199p.:bill.c21cm(pbk) aSufyan Basri963908 aYasir Mahmood963959 2ddccENh005.3mNAZ c201788d201788 001040708NFICaBNbBNd2024-03-26eDBADg949.00l0o005.3 NAZpEN-123451r2024-03-26 00:00:00t1v949.00w2024-03-26yEN